[Event "Nachod op 6th"]
[Site "?"]
[Date "2000.??.??"]
[Round "3"]
[White "Kuchynka Lubos"]
[Black "Horak Jiri"]
[Result "0-1"]
[WhiteElo "1965"]
[BlackElo "2180"]
[PlyCount "68"]
[EventDate "2000.??.??"]
[Source "www.chesslib.no"]
[SourceDate "2004.05.04"]

1. d4 Nf6 2. c4 g6 3. Nc3 d5 4. Qb3 dxc4 5. Qxc4 Bg7 6. e4 c6 7. Nf3 O-O 8. Be2 b6 9. Qb3 Bb7 10. e5 Nd5 11. Nxd5 cxd5 12. Bf4 Ba6 13. Bxa6 Nxa6 14. Qe3 Qd7 15. O-O Nb4 16. Qb3 Nc6 17. Qe3 Rac8 18. Rac1 Qf5 19. Bh6 Na5 20. b3 Rxc1 21. Rxc1 Rc8 22. Bxg7 Kxg7 23. h3 Rc2 24. Kh2 Qc8 25. Rxc2 Qxc2 26. Ng5 h6 27. Nxf7 Kxf7 28. e6+ Kg7 29. Qe5+ Kh7 30. Qxd5 Qc6 31. Qe5 Nb7 32. f4 Nd6 33. d5 Qc2 34. h4 Qf2 0-1

[Event "Tch (Men) 2005/2006 FIN"]
[Site "?"]
[Date "2005.11.12"]
[Round "5"]
[White "Heikkila Antti"]
[Black "Salminen Jussi"]
[Result "0-1"]
[WhiteElo "2126"]
[BlackElo "2005"]
[PlyCount "140"]
[EventDate "2005.??.??"]
[Source "www.chesslib.no"]
[SourceDate "2004.05.04"]

1. c4 Nf6 2. d4 g6 3. Nc3 d5 4. Qb3 dxc4 5. Qxc4 Bg7 6. e4 O-O 7. e5 Nfd7 8. Nf3 c5 9. dxc5 Nc6 10. Be2 Ndxe5 11. Nxe5 Nxe5 12. Qh4 Nd3+ 13. Bxd3 Qxd3 14. Bh6 Bf6 15. Qg3 Qxg3 16. hxg3 Rd8 17. O-O Bd4 18. Be3 Bxe3 19. fxe3 Be6 20. Rfd1 Rxd1+ 21. Rxd1 Rc8 22. b4 Kf8 23. a4 a5 24. bxa5 Ke8 25. Ne4 Bf5 26. Rd4 Bxe4 27. Rxe4 Rxc5 28. Rb4 Rxa5 29. Kf2 Kd8 30. Rxb7 Rxa4 31. Kf3 Rc4 32. g4 Rc5 33. Kf4 h5 34. gxh5 Rxh5 35. g4 Rc5 36. Ra7 Rc7 37. Ra4 f6 38. Kf3 Kd7 39. Re4 Rc1 40. Rd4+ Ke8 41. Rd5 Kf7 42. Ra5 Rc7 43. Rb5 g5 44. Rb8 e6 45. Rb6 Re7 46. Rb8 f5 47. Rh8 Kg7 48. Rb8 Rf7 49. Rb5 Kg6 50. Rb6 Rf6 51. Rb8 f4 52. Rg8+ Kh6 53. e4 Rg6 54. Re8 Kg7 55. e5 Rh6 56. Re7+ Kf8 57. Ra7 Rh3+ 58. Kf2 Re3 59. Ra8+ Kf7 60. Ra7+ Kg6 61. Ra5 Kf7 62. Rc5 Ke7 63. Ra5 Kd7 64. Rc5 Re4 65. Kf3 Re1 66. Kf2 Re3 67. Ra5 Kc6 68. Ra6+ Kd5 69. Ra5+ Kd4 70. Rb5 Rxe5 0-1

[Event "Corr"]
[Site "?"]
[Date "2002.04.20"]
[Round "?"]
[White "Hanison Bernard (ENG)"]
[Black "Loderbauer Gerhard (GER)"]
[Result "1/2-1/2"]
[WhiteElo "1855"]
[BlackElo "2253"]
[PlyCount "73"]
[EventDate "2002.??.??"]
[Source "www.chesslib.no"]
[SourceDate "2004.05.04"]

1. d4 Nf6 2. c4 g6 3. Nc3 d5 4. Qb3 dxc4 5. Qxc4 Bg7 6. e4 O-O 7. Be2 Na6 8. Nf3 c5 9. d5 e6 10. O-O exd5 11. exd5 Bf5 12. Be3 Qb6 13. b3 Rfe8 14. Rad1 Rad8 15. Na4 Qc7 16. d6 Qb8 17. Ng5 Rd7 18. Qc1 c4 19. Qxc4 h6 20. Nf3 Ne4 21. Qc1 Rc8 22. Qa3 b5 23. Nd4 b4 24. Qb2 Nac5 25. Nxc5 Rxc5 26. Bf3 Nc3 27. Nxf5 Rxf5 28. Rde1 Nd1 29. Qc1 Nxe3 30. Rxe3 Qxd6 31. Rd1 Qc7 32. Qxc7 Rxc7 33. g3 Rfc5 34. Re8+ Kh7 35. Rb8 Rc1 36. Rxc1 Rxc1+ 37. Kg2 1/2-1/2

[Event "Regionalliga SW 9596"]
[Site "Bayern"]
[Date "1996.??.??"]
[Round "?"]
[White "Louis, Peter"]
[Black "Herb, Stefan"]
[Result "1/2-1/2"]
[WhiteElo "2050"]
[BlackElo "2025"]
[PlyCount "89"]
[EventDate "1995.10.??"]
[Source "www.chesslib.no"]
[SourceDate "2004.05.04"]

1. d4 Nf6 2. c4 g6 3. Nc3 d5 4. Qb3 dxc4 5. Qxc4 Be6 6. Qb5+ Nc6 7. Nf3 a6 8. Qxb7 Bd7 9. Qb3 Rb8 10. Qd1 Bf5 11. a3 Bg7 12. e3 O-O 13. Bxa6 e5 14. Nxe5 Nxe5 15. dxe5 Ne4 16. Qxd8 Rfxd8 17. Nxe4 Bxe4 18. O-O Bxe5 19. f3 Bc2 20. Bc4 Kg7 21. e4 f5 22. exf5 Bxf5 23. Ra2 Bb1 24. Bh6+ Kxh6 25. Rxb1 Rd2 26. b4 Rd4 27. Rc1 Bf4 28. Rc3 Rd1+ 29. Kf2 Bxh2 30. g3 Bg1+ 31. Kg2 c5 32. Be2 cxb4 33. Bxd1 bxc3 34. Kxg1 Rb1 35. Rc2 Rxd1+ 36. Kf2 Ra1 37. Rxc3 Kg5 38. Ke3 h5 39. Rd3 Ra2 40. Rd5+ Kf6 41. Ra5 g5 42. f4 g4 43. a4 Rg2 44. Rxh5 Rxg3+ 45. Ke4 1/2-1/2

[Event "Dallas Chess Club"]
[Site "?"]
[Date "2002.04.13"]
[Round "2"]
[White "Chambers Rory"]
[Black "Secheli Gheorghe"]
[Result "1/2-1/2"]
[WhiteElo "1735"]
[BlackElo "2283"]
[PlyCount "71"]
[EventDate "2002.??.??"]
[Source "www.chesslib.no"]
[SourceDate "2004.05.04"]

1. d4 Nf6 2. c4 g6 3. Nc3 d5 4. Qb3 dxc4 5. Qxc4 Bg7 6. e4 O-O 7. Be3 a6 8. Nf3 b5 9. Qb3 Bb7 10. e5 Nd5 11. a4 c5 12. Rd1 c4 13. Qc2 Qa5 14. Be2 Nc6 15. O-O Ncb4 16. Qd2 Nxc3 17. bxc3 Nd5 18. axb5 axb5 19. Rc1 Bc6 20. Rc2 Qc7 21. Rfc1 Ra3 22. Ra2 Rfa8 23. Rxa3 Rxa3 24. Ne1 Qa5 25. Bf3 Ra2 26. Rc2 Ra1 27. Bxd5 Bxd5 28. f3 Be6 29. Rb2 Bd5 30. Kf2 Ra3 31. Nc2 Ra2 32. Nb4 Rxb2 33. Qxb2 Bb7 34. Bc1 e6 35. Qa2 Qb6 36. Kf1 1/2-1/2

[Event "Uckley (20.09.-24.09)"]
[Site "?"]
[Date "1999.09.22"]
[Round "4"]
[White "Jakoby Hans"]
[Black "Trommsdorff Friedrich"]
[Result "0-1"]
[WhiteElo "1765"]
[BlackElo "2146"]
[PlyCount "74"]
[EventDate "1999.??.??"]
[Source "www.chesslib.no"]
[SourceDate "2004.05.04"]

1. d4 Nf6 2. c4 g6 3. Nc3 d5 4. Qb3 dxc4 5. Qxc4 Bg7 6. Bf4 c6 7. Nf3 a5 8. Bxb8 Rxb8 9. e4 O-O 10. Be2 b5 11. Qd3 Ne8 12. O-O Nc7 13. Rfd1 f5 14. Ne5 Bxe5 15. dxe5 Qxd3 16. Bxd3 f4 17. Bc2 Be6 18. Bb3 Rbd8 19. Ne2 a4 20. Bxe6+ Nxe6 21. f3 g5 22. Rac1 Kf7 23. g3 b4 24. Kf1 Rxd1+ 25. Rxd1 c5 26. Rd7 Ra8 27. Ke1 c4 28. Rb7 Nc5 29. Rb5 a3 30. bxa3 Nd3+ 31. Kd2 Rxa3 32. Nc1 fxg3 33. hxg3 Nxc1 34. Kxc1 b3 35. axb3 Rxb3 36. Rxb3 cxb3 37. Kb2 h5 0-1

[Event "XII Open HIT 2007 - B"]
[Site "Nova Gorica SLO"]
[Date "2007.01.27"]
[Round "2"]
[White "Drnovsek, Nejc"]
[Black "Skok, Joze"]
[Result "1-0"]
[WhiteElo "1760"]
[BlackElo "2072"]
[PlyCount "119"]
[EventDate "2007.01.26"]
[Source "www.chesslib.no"]
[SourceDate "2004.05.04"]

1. d4 Nf6 2. c4 g6 3. Nc3 d5 4. Qb3 dxc4 5. Qxc4 c6 6. e4 Be6 7. Qd3 Bg7 8. Nf3 h6 9. h3 O-O 10. Be2 b5 11. O-O Bc4 12. Qd1 Bxe2 13. Qxe2 b4 14. Na4 Qa5 15. b3 Nbd7 16. Bb2 Qb5 17. Rfe1 Nh5 18. g3 Rab8 19. Rac1 Rfc8 20. Nc5 Nxc5 21. Rxc5 Qxe2 22. Rxe2 Rb5 23. Rc4 e6 24. Rec2 Rb6 25. e5 Bf8 26. Bc1 Kh7 27. Be3 Ra6 28. Ne1 Ng7 29. g4 Ne8 30. Nd3 Rb6 31. f4 a5 32. f5 gxf5 33. gxf5 Ng7 34. fxe6 Nf5 35. Bf2 fxe6 36. Nf4 Ng7 37. Nxe6 Nxe6 38. d5 Rb5 39. dxe6 Rxe5 40. Rxc6 Re8 41. Bb6 R5xe6 42. Rxe6 Rxe6 43. Bxa5 Rg6+ 44. Kf2 Rg5 45. Bc7 Bc5+ 46. Kf3 Rh5 47. Kg4 Rg5+ 48. Kf4 Rh5 49. Be5 Be3+ 50. Kxe3 Rxe5+ 51. Kd4 Rh5 52. Kc4 Rh4+ 53. Kb5 h5 54. Rc4 Rxh3 55. Rxb4 h4 56. a4 Rh1 57. a5 Kg6 58. a6 h3 59. a7 Ra1 60. Ra4 1-0

[Event "Bayernliga 2000/01"]
[Site "?"]
[Date "2001.??.??"]
[Round "?"]
[White "Rohrmeier Martin"]
[Black "Tobor Mick"]
[Result "1-0"]
[WhiteElo "1735"]
[BlackElo "2080"]
[PlyCount "132"]
[EventDate "2001.??.??"]
[Source "www.chesslib.no"]
[SourceDate "2004.05.04"]

1. d4 Nf6 2. c4 g6 3. Nc3 d5 4. Qb3 dxc4 5. Qxc4 Nbd7 6. Bf4 c6 7. Nf3 Nb6 8. Qb3 Bg7 9. e3 Be6 10. Qc2 O-O 11. Be2 Nbd5 12. Be5 Qa5 13. O-O Bf5 14. e4 Nb4 15. Qd2 Bg4 16. a3 Na6 17. b4 Qd8 18. Qf4 Bxf3 19. Bxf3 Nb8 20. d5 Nbd7 21. Bc7 Qc8 22. Rac1 Ne8 23. dxc6 bxc6 24. Ba5 Ne5 25. Be2 Qe6 26. b5 Nd6 27. bxc6 Nxc6 28. Bc7 Nd4 29. Bg4 f5 30. exf5 gxf5 31. Bf3 Nxf3+ 32. Qxf3 Ne4 33. Nxe4 fxe4 34. Qe3 Rfc8 35. Rfe1 Qd7 36. Bf4 Rxc1 37. Rxc1 Qa4 38. Re1 Rd8 39. h3 Rd1 40. Rxd1 Qxd1+ 41. Kh2 Qa4 42. Qc5 Qd7 43. Qc4+ e6 44. Qxe4 Qd5 45. Qa4 Bd4 46. Qe8+ Kg7 47. Qe7+ Kg6 48. Qh4 h5 49. g4 hxg4 50. hxg4 Qc5 51. Qh6+ Kf7 52. Qh7+ Bg7 53. Qh5+ Qxh5+ 54. gxh5 Kf6 55. Kg3 Kf5 56. Bd2 Be5+ 57. Kf3 Bb2 58. a4 a6 59. Ke2 Ke4 60. h6 Bf6 61. Bb4 Kf5 62. Kd3 e5 63. Bf8 Kg6 64. Ke4 Bh4 65. f3 Bg3 66. Bg7 Bf4 1-0

[Event "Eppingen (09.04.-17.04)"]
[Site "?"]
[Date "2004.04.13"]
[Round "5.3"]
[White "Roehrl Bruno"]
[Black "Molez Karl"]
[Result "1/2-1/2"]
[WhiteElo "1928"]
[BlackElo "1875"]
[PlyCount "96"]
[EventDate "2004.??.??"]
[Source "www.chesslib.no"]
[SourceDate "2004.05.04"]

1. d4 Nf6 2. c4 g6 3. Nc3 d5 4. Qb3 c6 5. cxd5 Nxd5 6. e4 Nxc3 7. bxc3 Bg7 8. Nf3 O-O 9. Be3 Qc7 10. Be2 Nd7 11. O-O e6 12. Rac1 b6 13. c4 Nf6 14. Nd2 Bb7 15. Bf3 Rfd8 16. Nb1 Rac8 17. Rfd1 Qe7 18. Nc3 Nd7 19. Qa4 a6 20. Qb3 Bf8 21. d5 Qb4 22. dxe6 fxe6 23. Bg4 Kf7 24. Na4 b5 25. Qxb4 Bxb4 26. cxb5 axb5 27. Rxd7+ Rxd7 28. Nb6 Rcd8 29. Nxd7 Rxd7 30. Be2 Ke8 31. Rb1 Be7 32. e5 Rc7 33. Rc1 Rc8 34. f4 Ra8 35. Rc2 Ra3 36. Kf2 Kf7 37. Bc1 Ra5 38. Bf3 b4 39. Be3 Ra6 40. Rb2 Bc8 41. Be2 Ra5 42. Bc4 Ba6 43. Bb6 Ra3 44. Bb3 c5 45. Rc2 c4 46. Bxc4 Bxc4 47. Rxc4 Rxa2+ 48. Ke3 b3 1/2-1/2

[Event "Corr"]
[Site "?"]
[Date "2000.01.05"]
[Round "?"]
[White "Jobe Tom B"]
[Black "Bestvina Mladen"]
[Result "0-1"]
[WhiteElo "1702"]
[BlackElo "2034"]
[PlyCount "42"]
[EventDate "2000.??.??"]
[Source "www.chesslib.no"]
[SourceDate "2004.05.04"]

1. d4 Nf6 2. c4 g6 3. Nc3 d5 4. Qb3 dxc4 5. Qxc4 Bg7 6. e4 O-O 7. Bf4 Nc6 8. d5 e5 9. Bg5 Nd4 10. Nb5 c6 11. Nxd4 cxd5 12. Qxd5 Nxd5 13. Bxd8 Rxd8 14. Nc2 Nf6 15. f3 Be6 16. Ne2 Bh6 17. b3 Rac8 18. Na3 Bf8 19. Nb1 Bb4+ 20. Kf2 Rd1 21. g3 Bc5+ 0-1

[Event "Corr"]
[Site "?"]
[Date "2001.10.26"]
[Round "?"]
[White "Berkley Stephen W"]
[Black "Fedorko Andrew"]
[Result "1/2-1/2"]
[WhiteElo "1731"]
[BlackElo "1984"]
[PlyCount "42"]
[EventDate "2001.??.??"]
[Source "www.chesslib.no"]
[SourceDate "2004.05.04"]

1. d4 Nf6 2. c4 g6 3. Nc3 d5 4. Qb3 dxc4 5. Qxc4 Be6 6. Qb5+ Nc6 7. Nf3 Nd5 8. e4 a6 9. Qa4 Nb6 10. Qd1 Bg4 11. d5 Bxf3 12. Qxf3 Nd4 13. Qd3 e5 14. dxe6 Nxe6 15. Be3 Bc5 16. Bxc5 Qxd3 17. Bxd3 Nxc5 18. O-O-O Ke7 19. Bc2 c6 20. Rd4 Rhd8 21. Rhd1 Rxd4 1/2-1/2

[Event "AUS-ch reserves"]
[Site "?"]
[Date "2001.12.31"]
[Round "4"]
[White "Jenkins Keith"]
[Black "Ferris Shaun"]
[Result "1-0"]
[WhiteElo "1670"]
[BlackElo "1510"]
[PlyCount "43"]
[EventDate "2001.??.??"]
[Source "www.chesslib.no"]
[SourceDate "2004.05.04"]

1. d4 Nf6 2. c4 g6 3. Nc3 d5 4. Qb3 Bg7 5. cxd5 c6 6. dxc6 Nxc6 7. e3 O-O 8. Nf3 Qc7 9. Be2 e5 10. O-O Be6 11. d5 Na5 12. Qd1 Bf5 13. Bd2 e4 14. Nd4 a6 15. Nxf5 gxf5 16. Rc1 Qd6 17. b4 Qxb4 18. Na4 Qd6 19. Bxa5 Kh8 20. Qb3 Ng4 21. Bxg4 fxg4 22. Bb4 1-0

[Event "FRA"]
[Site "?"]
[Date "2005.05.16"]
[Round "11.5"]
[White "Khan Mai-Ly"]
[Black "Hallope Arnaud"]
[Result "0-1"]
[WhiteElo "1560"]
[BlackElo "1550"]
[PlyCount "114"]
[EventDate "2005.??.??"]
[Source "www.chesslib.no"]
[SourceDate "2004.05.04"]

1. d4 Nf6 2. c4 g6 3. Nc3 d5 4. Qb3 dxc4 5. Qxc4 Bg7 6. Bf4 Na6 7. e3 O-O 8. Nf3 c5 9. Rd1 cxd4 10. Rxd4 Qb6 11. Na4 Qa5+ 12. Qc3 Qxc3+ 13. Nxc3 Bf5 14. Rd1 Rfd8 15. Rc1 Nb4 16. Nd4 Bd3 17. a3 Bxf1 18. Kxf1 Nd3 19. Rd1 Nxb2 20. Rb1 Nd3 21. Bc7 Rd7 22. Bg3 Rc8 23. Na2 b6 24. Ke2 Nc5 25. Rbc1 Nfe4 26. Bf4 Bxd4 27. exd4 Rxd4 28. Be5 Rd2+ 29. Ke3 Rxa2 30. Rhf1 Rxa3+ 31. Kf4 g5+ 32. Kg4 Ra4 33. Kf3 Nd2+ 34. Ke2 Nxf1 35. Kxf1 Rd8 36. Bc3 Rc4 37. Ke2 Ne4 38. Bb2 Rxc1 39. Bxc1 Nc3+ 40. Kf3 f6 41. g3 b5 42. Ba3 Kf7 43. Bb4 Na2 44. Bc5 a5 45. Bb6 Ra8 46. Ke3 b4 47. Bd4 b3 48. Bb2 a4 49. Kd2 a3 50. Bd4 Rc8 51. h3 b2 52. Bxb2 axb2 53. Ke3 Rd8 54. Kf3 b1=Q 55. Kg2 Qe4+ 56. f3 Qe2+ 57. Kg1 Rd1# 0-1